000 00452nab a2200145Ia 4500
003 ES-SlBCS
005 20210601135812.0
008 140529s1969 xxu||||| |||| 00| 0 spa d
041 _aspa
100 1 _aGovaart-Halkes, Tine
_9236870
245 0 0 _aEn busca de nuevas formas de autoridad y obediencia en la Iglesia
_c Tine Govaart-Halkes
650 4 _aIglesia
_913471
773 0 _tConcilium
_gvol. 3, nº. 49, 1969, págs. 390-403
_wRev134
942 _cAR
999 _c634318
_d634318